000 00582nam a2200241 a 4500
001 0001-1340
003 ELIB.Books
008 150831 2010 eng
020 _a1562920316
035 _a(ELIB.Books)0001-1495
092 _a242
_bHb
100 _aHonor Books
245 _aSunset with God
260 _aTulsa
_bHonor Books
_c1996
300 _a199
_c18.5 Cm
500 _aDr. Min Oo
650 _aDevotional Literature
856 _nKBTS: Library
_uKBTS: Elib
942 _2ddc
_cBK
990 _a1
998 _cbat
_e2015-08-31
999 _c11340
_d11340